Concepciones de la metafísica
Gespeichert in:
| 1. Verfasser: | |
|---|---|
| Format: | Buch |
| Sprache: | Spanisch |
| Veröffentlicht: |
Madrid
Trotta
1998
|
| Schriftenreihe: | Colección Enciclopedia Iberoamericana de Filosofía, 17
|
| Schlagworte: | |
| Tags: |
Tag hinzufügen
Keine Tags, Fügen Sie den ersten Tag hinzu!
|
MARC
| LEADER | 00000nam a2200000 a 4500 | ||
|---|---|---|---|
| 001 | UCO0581 | ||
| 003 | CL-VaPUC | ||
| 008 | 000420e19980000SP |||||||||||||||||spa|d | ||
| 082 | 0 | 4 | |a 110 |b GRA |2 21 |
| 100 | |a Gracia, Jorge J. E |e author |9 441916 | ||
| 245 | 1 | 0 | |a Concepciones de la metafísica |
| 300 | |a 357 p | ||
| 942 | |c BK | ||
| 945 | |d 20000420 00:00:00 |a rbrito | ||
| 260 | |a Madrid |b Trotta |c 1998 | ||
| 600 | 0 | 7 | |a PLATON |2 CL-VaPUC |9 222 |
| 600 | 0 | |a Aristóteles, |d 384 a.C.- 322 a.C. |9 194 | |
| 650 | 0 | |a Metafísica |9 265649 | |
| 650 | 0 | |a Positivismo |9 269460 | |
| 650 | 0 | |a Empirismo |9 255037 | |
| 650 | 0 | |a Escolástica |9 345541 | |
| 583 | |a last modification |c 20000420 00:00:00 |k Rodrigo Vera | ||
| 490 | 0 | |a Colección Enciclopedia Iberoamericana de Filosofía, 17 | |
| 999 | |c 287240 |d 287238 | ||
| 952 | |0 0 |1 0 |4 0 |6 110_000000000000000_GRA_1998 |7 0 |8 A |9 333741 |a BIBEDU |b BIBEDU |d 2019-11-20 |i 3611469 |l 4 |o 110 GRA 1998 |p 3611469 |r 2022-04-05 |s 2021-06-10 |w 2019-11-20 |y BK |k FIL | ||